Archivos franciscanos de Lima

Uloženo v:
Podrobná bibliografie
Hlavní autoři: Heras, Julián (Autor), Gutiérrez Arbulú, Laura (Autor)
Médium: Kniha
Jazyk:španělština
Vydáno: Madrid Fundación Mapfre Tavera 2004
Edice:Documentos Tavera, 17
Témata:
Tagy: Přidat tag
Žádné tagy, Buďte první, kdo vytvoří štítek k tomuto záznamu!

MARC

LEADER 00000nam a2200000 a 4500
001 UCH4599
003 CL-VaPUC
008 090827e20040000SP |||||||||||||||||spa|d
020 |a 84847900495 
082 0 4 |a 271.3016  |b HER  |2 21 
100 |a Heras, Julián  |e author  |9 540215 
700 0 |a Gutiérrez Arbulú, Laura  |e author  |9 540216 
245 1 0 |a Archivos franciscanos de Lima 
300 |a 307 p 
942 |c BK 
945 |d 20090827 00:00:00  |a rbrito 
260 |a Madrid  |b Fundación Mapfre Tavera  |c 2004 
650 7 |a FRANCISCANOS HISTORIA  |2 CL-VaPUC  |9 323502 
650 0 |a Bibliografías   |9 257071 
650 7 |a ORDEN RELIGIOSA  |2 CL-VaPUC  |9 540217 
651 7 |a LIMA  |2 CL-VaPUC  |9 350186 
651 0 |a Perú  |9 256567 
583 |a last modification  |c 20090827 00:00:00  |k Rodrigo Vera 
490 0 |a Documentos Tavera, 17 
999 |c 335878  |d 335876 
952 |0 0  |1 0  |4 0  |6 271_301600000000000_HER_2004  |7 0  |8 X  |9 426702  |a FDOBUD  |b FDOBUD  |d 2019-11-22  |i 4593006  |o 271.3016 HER 2004  |p 4593006  |r 2019-11-22  |w 2019-11-22  |y BK_X  |k BUD